| 000 | 00504nam a2200181 i 4500 | ||
|---|---|---|---|
| 001 | 28351 | ||
| 003 | ES-MaACL | ||
| 005 | 20240421063011.0 | ||
| 007 | t| | ||
| 008 | 030117s1977 sp ||||1| spa d | ||
| 100 | 0 |
_aBadosa, Enrique, _d1927-2021 _924566 |
|
| 245 | 1 | 0 |
_aPoesía _b: 1956-1971 / _cEnrique Badosa. |
| 250 | _a[2ª ed.]. | ||
| 260 |
_a[Barcelona] : _bPlaza & Janés, _c[1977] |
||
| 300 |
_a382 p. ; _c20 cm. |
||
| 852 |
_aES-MaACL _jA-7244 _bR.96304 |
||
| 999 |
_c28351 _d28351 |
||